00795cam a22002891 4500001001300000003000400013005001700017008004100034010001700075035002000092040001800112042001200130050001500142110004700157245003800204260001100242300002700253500001400280650002000294651002200314650004700336700003300383700003000416700002700446700001500473999001700488sa 68017630 DLC20260227112704.0890621s1966 ii c 000 0 hino  asa 68017630  a(OCoLC)19906982 aDLCcWaUdDLC apremarc00aDS423b.H52 aHindī Pracāra Sabhā Haidarābāda.10aKāryakarttā paricaya-grantha. c[1966] a220 p.bports.c22 cm. aIn Hindi. 0aHindi language. 0aIndiaxLanguages. 0aLanguage and languagesxPolitical aspects.1 aVidyalankrita, Sushila Devi.1 aPandey, Rajkishor,d1920-1 aNārāyanarāva, N.0 aJayantī. c87839d87839